Track&field World records - Statistics

General Stats
  • This quiz has been taken 435 times
    357 since last reset
  • The average score is 12 of 42
Answer Stats
Hint Answer % Correct
100m Usain Bolt 9.58
94%
200m Usain Bolt 19.19
94%
4x400m relay United States 2:54.29
83%
4x100m relay United States 40.82
83%
4x100m relay Jamaica 36.84
76%
400m Wayde van Niekerk 43.03
51%
Pole vault Armand Duplantis 6.18 m
49%
800m David Rudisha 1:40.91
46%
400m hurdles Karsten Warholm 45.94
46%
100m Florence Griffith Joyner 10.49
44%
200m Florence Griffith Joyner 21.34
44%
Shot put Ryan Crouser 23.37 m
36%
400m hurdles Sydney McLaughlin 51.46
35%
Long Jump Mike Powell 8.95 m
32%
High jump Javier Sotomayor 2.45 m
28%
1500m Hicham El Guerrouj 3:26.00
27%
5000m Joshua Cheptegei 12:35.36
27%
10000m Joshua Cheptegei 26:11.00
27%
Triple jump Jonathan Edwards 18.29 m
25%
Decathlon Kevin Mayer 9126 pts
25%
Heptathlon Jackie Joyner-Kersee 7291 pts
20%
4x400m relay Soviet Union 3:15.17
20%
110m hurdles Aries Merritt 12.80
17%
Javelin throw Jan Zelezny 98.48 m
17%
400m Marita Koch 47.60
16%
Triple jump Yulimar Rojas 15.67 m
16%
5000m Letesenbet Gidey 14:06.62
13%
10000m Letesenbet Gidey 29:01.03
13%
1500m Genzebe Dibaba 3.50.07
10%
100m hurdles Kendra Harrison 12.20
8%
Pole vault Yelena Isinbayeva 5.06 m
8%
Javelin throw Barbora Spotakova 72.28 m
7%
800m Jarmila Kratochvilova 1:53.28
7%
Discus throw Jürgen Schult 74.08 m
5%
Hammer throw Anita Wlodarczyk 82.98 m
4%
3000m steeplechase Beatrice Chepkoech 8:44.32
4%
3000m steeplechase Saif Saaeed Shaheen 7:53.63
4%
High jump Stefka Kostadinova 2.09 m
4%
Hammer throw Yuriy Sedykh 86.74 m
2%
Discus throw Gabriele Reinsch 76.80 m
1%
Long jump Galina Chistyakova 7.52 m
1%
Shot put Natalya Lisovskaya 22.63 m
1%
No matching quizzes found
Score Distribution
Percent of People with Each Score
Percentile by Number Answered
Your Score History
You have not taken this quiz since the last reset